The job hunting toolkit

Bibliographic Details
Main Author: Bhattacharya, Oni
Format: Book
Published: Herts : Panoma Press Ltd. , 2015
Subjects:

MARC

LEADER 00000cam a2200000 7i4500
001 0000204913
005 20161018.0
020 |a 9781909623835 
090 0 0 |a 650.14   |b BHA 
100 1 |a Bhattacharya, Oni 
245 1 0 |a The job hunting toolkit   |c Oni Bhattacharya 
260 |a Herts :   |b Panoma Press Ltd. ,   |c 2015 
300 |a 159p. ;   |c 20cm. 
650 0 0 |a Job hunting 
999 |a 00330784   |b BUKU   |c PINJAMAN   |e PERPUSTAKAAN KOMUNITI PETALING JAYA